<?xml version="1.0" encoding="UTF-8"?><?xml-stylesheet type="text/xsl" href="static/style.xsl"?><OAI-PMH xmlns="http://www.openarchives.org/OAI/2.0/" xmlns:xsi="http://www.w3.org/2001/XMLSchema-instance" xsi:schemaLocation="http://www.openarchives.org/OAI/2.0/ http://www.openarchives.org/OAI/2.0/OAI-PMH.xsd"><responseDate>2026-04-27T21:54:54Z</responseDate><request verb="GetRecord" identifier="oai:uvadoc.uva.es:10324/30862" metadataPrefix="marc">https://uvadoc.uva.es/oai/request</request><GetRecord><record><header><identifier>oai:uvadoc.uva.es:10324/30862</identifier><datestamp>2021-06-29T21:50:59Z</datestamp><setSpec>com_10324_38</setSpec><setSpec>col_10324_852</setSpec></header><metadata><record xmlns="http://www.loc.gov/MARC21/slim" xmlns:doc="http://www.lyncode.com/xoai" xmlns:xsi="http://www.w3.org/2001/XMLSchema-instance" xmlns:dcterms="http://purl.org/dc/terms/" xsi:schemaLocation="http://www.loc.gov/MARC21/slim http://www.loc.gov/standards/marcxml/schema/MARC21slim.xsd">
<leader>00925njm 22002777a 4500</leader>
<datafield tag="042" ind1=" " ind2=" ">
<subfield code="a">dc</subfield>
</datafield>
<datafield tag="720" ind1=" " ind2=" ">
<subfield code="a">Nicolás García, Daniel</subfield>
<subfield code="e">author</subfield>
</datafield>
<datafield tag="260" ind1=" " ind2=" ">
<subfield code="c">2018</subfield>
</datafield>
<datafield tag="520" ind1=" " ind2=" ">
<subfield code="a">Los polifenoles son sustancias producidas por las plantas como&#xd;
metabolitos secundarios, que son absorbidos por los humanos cuando&#xd;
ingerimos dichas plantas o sus derivados. Estos polifenoles son interesantes&#xd;
desde el punto de vista nutricional, ya que actúan como antioxidantes. Su&#xd;
función es oxidarse protegiendo así a las células de nuestro organismo. Uno&#xd;
de estos polifenoles es el catecol, formado por dos grupos hidroxilo unidos a&#xd;
un anillo aromático.&#xd;
En este trabajo se han desarrollado sensores electroquímicos&#xd;
voltamperométricos para la detección de catecol en disolución acuosa. Para&#xd;
ello, se ha analizado el funcionamiento de sensores fabricados con espumas&#xd;
de carbono con dos tamaños de poro diferentes y se han modificado con&#xd;
ftalocianinas metálicas y nanopartículas de oro, que tienen efecto&#xd;
electrocatalítico, favoreciendo la transferencia de electrones durante las&#xd;
reacciones redox y mejorando la sensibilidad y el límite de detección de los&#xd;
sensores</subfield>
</datafield>
<datafield tag="024" ind2=" " ind1="8">
<subfield code="a">http://uvadoc.uva.es/handle/10324/30862</subfield>
</datafield>
<datafield ind1=" " ind2=" " tag="653">
<subfield code="a">Antioxidantes</subfield>
</datafield>
<datafield ind1=" " ind2=" " tag="653">
<subfield code="a">Fenoles</subfield>
</datafield>
<datafield ind1=" " ind2=" " tag="653">
<subfield code="a">Plantas - Metabolitos</subfield>
</datafield>
<datafield tag="245" ind1="0" ind2="0">
<subfield code="a">Sensores basados en espumas carbonáceas para el análisis de antioxidantes presentes en alimentos</subfield>
</datafield>
</record></metadata></record></GetRecord></OAI-PMH>